False information detection in the web environment
Na minha lista:
| Autor principal: | |
|---|---|
| Outros Autores: | |
| Formato: | Manuscrito Livro |
| Idioma: | eslovaco inglês |
| Publicado em: |
2025
|
| Assuntos: | |
| Acesso em linha: | http://is.stuba.sk/zp/portal_zp.pl?podrobnosti=183875 |
| Tags: |
Sem tags, seja o primeiro a adicionar uma tag!
|
MARC
| LEADER | 00000ntm a22000003a 4500 | ||
|---|---|---|---|
| 001 | stuzp105806 | ||
| 003 | SK-STU | ||
| 005 | 20250607211658.1 | ||
| 007 | ta | ||
| 008 | 150427s2015----xo-----f-mn---000-0-slo-d | ||
| 040 | |a STU |b slo | ||
| 041 | 0 | |a eng | |
| 100 | 1 | |a Vanek, Tibor |u 070200 |4 aut |U FIIT Fakulta informatiky a informačných technológií |T FIIT Ústav informatiky, informačných systémov a softvérového inžinierstva |X 103172 |U I200 |Y 179 |7 103172 | |
| 242 | 0 | 1 | |a Detekcia dezinformácií v prostredí webu |y slo |
| 245 | 1 | 0 | |a False information detection in the web environment |
| 260 | |c 2025 | ||
| 650 | 4 | |a satire |2 eng | |
| 650 | 4 | |a neural networks |2 eng | |
| 650 | 4 | |a false information classification |2 eng | |
| 650 | 4 | |a fake news |2 eng | |
| 650 | 4 | |a klasifikácia falošných informácií |2 slo | |
| 650 | 4 | |a satira |2 slo | |
| 650 | 4 | |a fake news |2 slo | |
| 650 | 4 | |a neurónové siete |2 slo | |
| 700 | 1 | |a Stupavský, Igor |4 ths |X 50946 |7 50946 | |
| 856 | 4 | |u http://is.stuba.sk/zp/portal_zp.pl?podrobnosti=183875 | |